00648cam a22002171 4500001000800000005001700008008004100025010001700066040001800083041000800101080001700109082001700126100000700143101000800150245003900158504004300197906004500240942001200285999001700297952011600314311479520180221073307.0711012s1966 nyu b 000 0 eng  a 66011086  aDLCcDLCdDLC aeng a372.125 ANN00a372.125 ANN1 a48 aEDU10aGrouping in the elementary school. a"Bibliographical essay": p. [113]-118. a7bcbccorignewdueocipf19gy-gencatlg 2ddccBK c43060d43060 00102ddc40708PËKGa002b002cPËKGd2018-02-21l0o372.125 ANNp002-2999802r2018-02-21w2018-02-21yBK